Wortgemisch - Automarken - Statistiken

Allgemein
  • Dieses Quiz wurde 9.717 mal gespielt
    9.187 seit der letzten Aktualisierung
  • Das Durchschnittsergebnis liegt bei 8 aus 10
Antwortstatistiken
Marke % Korrekt
BMW
98%
Ford
97%
Kia
97%
Mini
97%
Toyota
97%
Volvo
97%
Jeep
96%
Fiat
94%
Opel
94%
Audi
93%
Mazda
93%
Jaguar
92%
Mercedes
92%
Seat
90%
Skoda
90%
Hyundai
88%
Nissan
87%
Ferrari
86%
Dacia
83%
Peugeot
78%
Volkswagen
75%
Porsche
73%
Lamborghini
72%
Tesla
69%
Bentley
66%
Chevrolet
66%
Smart
66%
Cupra
64%
Lotus
64%
Alfa Romeo
57%
Citroen
54%
Renault
53%
Maserati
49%
Aston Martin
23%
Keine übereinstimmenden Quizze gefunden
Verteilung der Resultate
Anzahl Personen mit jedem Resultat
Perzentil nach korrekt beantworteten Fragen
Ihre Resultats-Entwicklung
Sie haben dieses Quiz seit der letzten Aktualisierung nicht gespielt